LEADER 01175nam a2200301 u 4500 001 000000054745 003 CaOOAMICUS 005 20070226115716.0 008 010102s1945 it u000 u ita u 035 $a10864625 040 $aMSA$bita 100 1 $aDa Bra, P. G.$0(OLS)http://pul/name/38708 245 10$aCatacombe di S. Ippolito /$cP. G. Da Bra. 260 $aRoma :$bLibreria dell'800,$c[1945] 300 $a60 p. :$bill. ;$c17 cm 490 1 $aBancarella romana 500 $aPrefazione di Bruno Massi. 600 04$aHippolytus,$cs.,$dm. 235.$0(OLS)http://pul/subject/2803 700 1 $aMassi, Bruno.$0(OLS)http://pul/name/38709 830 0$aBancarella romana.$0(OLS)http://pul/title/73371 850 $aPUL 852 $aPUL$W1$xDP1 Fondo Cecchetti$y53$m282 C 73$j72070$nBK-PRI$b $qFondi$B72070$CPULBib$Z2$F72070 $HPUL5300 $81 941 1 $a1 960 $aIppolito,$cantipapa,$dm. 235$92803 960 $aIppolito di Roma,$dm. 235$92803 960 $aIppolito,$csanto,$dm. 235$92803 996 $6245$aCatacombe di S. Ippolito$9(OLS)http://pul/title/73370 996 $6260$aRoma :$bLibreria dell'800$9(OLS)http://pul/publisher/68852 LEADER 01868nam a2200397 u 4500 001 000000055949 003 CaOOAMICUS 005 20150915152107.0 008 010326s1993 it u000 u ita u 020 $a8821302652 035 $a10870045 040 $aPUL(R)$bita 245 00$aQualità pastorale delle discipline teologiche e del loro insegnamento :$buna ricerca interdiscplinare /$ca cura di Mario Midali e Riccardo Tonelli. 260 $aRoma :$bLibreria Ateneo Salesiano,$c1993. 300 $a183 p.$c26 cm 490 1 $aBiblioteca di scienze religiose ;$v107 490 1 $aStudi di teologia pastorale 504 $aBibliografia: p. 175-178 650 4$aTeologia pastorale.$0(OLS)http://pul/subject/1301 700 1 $aTonelli, Riccardo.$0(OLS)http://pul/name/5327 700 1 $aMidali, Mario,$cS.D.B.$0(OLS)http://pul/name/5326 830 0$aStudi di teologia pastorale.$0(OLS)http://pul/title/18983 830 0$aBiblioteca di scienze religiose (Libreria Ateneo salesiano) ;$v107.$0(OLS)http://pul/title/491 850 $aPUL 852 $aPUL$W1$xSL Religione 2$y84$mTheol A3 107$j73483$n $b $qStampati altre collocazioni$B73483$CPULBib$Z2$F73483 $81 852 $aPUL$W1$xDP1 Fondo S. Lanza$y121$m3 O 22.107$j168632$qFondi$B169252$CPULBib$Z2$F169252 $HLAN221 $81 941 1 $a10 941 1 $a1 960 $aPastorale$91301 961 $aINV: 74435 961 $aNota ms. di possesso: Sergio Lanza 983 0$aNuova biblioteca di scienze religiose. 983 0$aBiblioteca di scienze religiose (LAS) 996 $6020$a8821302652$9(OLS)http://pul/number/70453 996 $6245$aQualità pastorale delle discipline teologiche e del loro insegnamento :$buna ricerca interdiscplinare$9(OLS)http://pul/title/74869 996 $6260$aRoma :$bLibreria Ateneo Salesiano$9(OLS)http://pul/publisher/49545